Statistics for 10 Busiest ports in USA

Click here to take the quiz!

General Stats

  • This quiz has been taken 139 times
    (110 since last reset)
  • The average score is 5 of 10

Answer Stats

Tonnage per yearAnswer% Correct
123millNew York
98%
58millLos Angeles
88%
229millHouston
78%
77millNew Orleans
77%
84millLong Beach
57%
76millCorpus Christi
21%
63millBaton Rouge
12%
94millBeaumont
10%
78millHampton Roads
5%
238millSouth Louisiana
5%

Score Distribution

Percentile by Number Answered

Percent of People with Each Score

Your Score History

You have not taken this quiz since the last reset